[Event "WchT Seniors 65"]
[Site "Prague"]
[Date "2025.02.26"]
[Round "9.8"]
[White "Koehler, Gerhard"]
[Black "Giffard, Nicolas"]
[Result "0-1"]
[WhiteElo "2215"]
[BlackElo "2154"]
[PlyCount "103"]
[EventDate "2025.02.17"]
[EventType "team-swiss"]
[EventRounds "9"]
[EventCountry "CZE"]
[SourceTitle "CB09_2025"]
[SourceDate "2025.02.27"]
[SourceVersion "1"]
[SourceVersionDate "2025.02.27"]
[SourceQuality "1"]
[WhiteTeam "Lasker Schachstiftung 65"]
[BlackTeam "France 65"]
[WhiteTeamCountry "GER"]
[BlackTeamCountry "ENG"]

1. c4 e5 2. Nc3 Nf6 3. g3 c6 4. Nf3 e4 5. Nd4 Qb6 6. Nb3 d5 7. cxd5 cxd5 8. Bg2 Bb4 9. 0-0 0-0 10. d3 Bxc3 11. bxc3 h6 12. Be3 Qa6 13. dxe4 dxe4 14. Nc5 Qc6 15. Qd4 Re8 16. Rfd1 b6 17. Nb3 Ba6 18. Qd2 Nbd7 19. Bd4 Rad8 20. Rac1 Qe6 21. Qc2 Rc8 22. Re1 Rc7 23. Nd2 Bb7 24. Qb3 Bd5 25. c4 Ba8 26. Qb2 h5 27. h3 Rec8 28. Red1 Ne8 29. Qb5 f5 30. Nf1 Nc5 31. Qb4 h4 32. Ne3 hxg3 33. fxg3 Rd7 34. Qb2 g6 35. Be5 Rcd8 36. Rxd7 Rxd7 37. Bf4 Qf6 38. Be5 Qe6 39. Bf4 Bc6 40. h4 Qf6 41. Be5 Qe6 42. Bf4 Ng7 43. Kf2 Nh5 44. Bg5 Qd6 45. Nf1 f4 46. g4 e3+ 47. Kg1 Bxg2 48. gxh5 Bb7 49. Qf6 Qxf6 50. Bxf6 gxh5 51. Be5 Ne6 52. Bb8 0-1

[Event "WchT Seniors 65"]
[Site "Prague"]
[Date "2025.02.23"]
[Round "6.8"]
[White "Koehler, Gerhard"]
[Black "Hammar, Bengt Erik"]
[Result "1-0"]
[WhiteElo "2215"]
[BlackElo "2100"]
[PlyCount "89"]
[EventDate "2025.02.17"]
[EventType "team-swiss"]
[EventRounds "9"]
[EventCountry "CZE"]
[SourceTitle "CB09_2025"]
[SourceDate "2025.02.27"]
[SourceVersion "1"]
[SourceVersionDate "2025.02.27"]
[SourceQuality "1"]
[WhiteTeam "Lasker Schachstiftung 65"]
[BlackTeam "Sweden 65"]
[WhiteTeamCountry "GER"]
[BlackTeamCountry "SWE"]

1. c4 Nf6 2. Nc3 g6 3. e4 d6 4. d4 Bg7 5. Be2 0-0 6. Nf3 e5 7. 0-0 Nc6 8. d5 Ne7 9. b4 a5 10. Ba3 Nd7 11. bxa5 h6 12. Nd2 Rxa5 13. Bb4 Ra8 14. Nb3 f5 15. f3 Nf6 16. Kh1 g5 17. c5 f4 18. Nb5 Ne8 19. Qd2 Ng6 20. cxd6 cxd6 21. Na5 Rf7 22. Nc4 Ra6 23. Ba5 b6 24. Bb4 Bf8 25. Rfc1 Ra8 26. Qb2 h5 27. Bf1 g4 28. Qf2 Rb8 29. Rc2 Rg7 30. Rac1 Ba6 31. Nd2 g3 32. Qg1 gxh2 33. Qxh2 Nh4 34. a4 Bxb5 35. axb5 Rg3 36. Nb1 Be7 37. Be1 Rg7 38. Qh3 Bf6 39. Bf2 Nc7 40. Rc6 Kh7 41. Rxb6 Rg3 42. Bxg3 Rxb6 43. Bf2 Nxb5 44. Bxb6 Qxb6 45. Qd7+ 1-0

[Event "WchT Seniors 65"]
[Site "Prague"]
[Date "2025.02.20"]
[Round "4.8"]
[White "Snape, Ian L"]
[Black "Koehler, Gerhard"]
[Result "1/2-1/2"]
[WhiteElo "2062"]
[BlackElo "2215"]
[PlyCount "65"]
[EventDate "2025.02.17"]
[EventType "team-swiss"]
[EventRounds "9"]
[EventCountry "CZE"]
[SourceTitle "CB09_2025"]
[SourceDate "2025.02.27"]
[SourceVersion "1"]
[SourceVersionDate "2025.02.27"]
[SourceQuality "1"]
[WhiteTeam "England 65 II"]
[BlackTeam "Lasker Schachstiftung 65"]
[WhiteTeamCountry "ENG"]
[BlackTeamCountry "GER"]

1. Nf3 Nf6 2. c4 d6 3. d4 Nbd7 4. Nc3 e5 5. e4 Be7 6. Be2 0-0 7. 0-0 Re8 8. Qc2 c6 9. h3 g6 10. Rd1 Qc7 11. a3 a5 12. Be3 Bf8 13. b3 exd4 14. Nxd4 Nc5 15. Bf3 Bd7 16. b4 Ne6 17. Rac1 Rad8 18. Nb3 axb4 19. axb4 Bc8 20. Qa2 h6 21. Qd2 Kh7 22. Nd4 Bg7 23. Nd5 cxd5 24. cxd5 Qe7 25. dxe6 Bxe6 26. Nb5 Bb3 27. Re1 Qd7 28. Qd3 Ba4 29. Nc7 Re7 30. Bd4 Bc6 31. b5 Qxc7 32. bxc6 bxc6 33. Qc3 1/2-1/2

[Event "GER-ch Seniors 65 36th"]
[Site "Bad Wildungen"]
[Date "2024.08.27"]
[Round "5"]
[White "Zimmermann, Rolf"]
[Black "Koehler, Gerhard"]
[Result "1-0"]
[WhiteElo "2107"]
[BlackElo "2210"]
[PlyCount "57"]
[EventDate "2024.08.25"]
[EventType "swiss"]
[EventRounds "9"]
[EventCountry "GER"]
[SourceTitle "CBM 221 Extra"]
[Source "ChessBase"]
[SourceDate "2024.09.30"]
[SourceVersion "1"]
[SourceVersionDate "2024.09.30"]
[SourceQuality "1"]

1. c4 c5 2. Nc3 Nc6 3. Nf3 g6 4. g3 Bg7 5. Bg2 d6 6. 0-0 e5 7. d3 Nge7 8. Bd2 0-0 9. Qc1 a6 10. Bh6 Rb8 11. Ne1 Be6 12. h3 b5 13. Bxg7 Kxg7 14. b3 Qa5 15. e3 Bf5 16. Nd5 Nxd5 17. cxd5 Ne7 18. f4 f6 19. fxe5 fxe5 20. e4 Bd7 21. Nf3 h6 22. Qb2 c4 23. b4 Qb6+ 24. Kh2 Qc7 25. Rac1 Rbc8 26. Rc3 Qa7 27. dxc4 Rxc4 28. Rxc4 bxc4 29. Nxe5 1-0

[Event "Berlin-ch Seniors op 39th"]
[Site "Berlin"]
[Date "2023.01.29"]
[Round "6"]
[White "Koehler, Gerhard"]
[Black "Braeunlin, Herbert"]
[Result "1-0"]
[WhiteElo "2241"]
[BlackElo "2077"]
[PlyCount "65"]
[EventDate "2023.01.24"]
[EventType "swiss"]
[EventRounds "9"]
[EventCountry "GER"]
[SourceTitle "CBM 212 Extra"]
[Source "ChessBase"]
[SourceDate "2023.03.31"]
[SourceVersion "1"]
[SourceVersionDate "2023.03.31"]
[SourceQuality "1"]

1. c4 Nf6 2. g3 c5 3. Bg2 g6 4. Nc3 Nc6 5. a3 Bg7 6. Rb1 h5 7. Nf3 d6 8. b4 cxb4 9. axb4 Bf5 10. d3 Ng4 11. Bd2 h4 12. h3 hxg3 13. hxg4 Rxh1+ 14. Bxh1 gxf2+ 15. Kxf2 Bxg4 16. Ne4 Qd7 17. Qa4 f5 18. Neg5 e5 19. Bg2 0-0-0 20. b5 Nb8 21. Qxa7 e4 22. Nd4 Re8 23. dxe4 Bf6 24. Be3 Qe7 25. Nge6 f4 26. Nxf4 Be5 27. Ke1 Qh4+ 28. Kd2 Bxf4 29. Bxf4 Qf2 30. Bxd6 Rd8 31. Qxb8+ Kd7 32. Qc7+ Ke8 33. Qe7# 1-0

[Event "EU-chT Seniors 65"]
[Site "Dresden"]
[Date "2022.11.04"]
[Round "9.4"]
[White "Hammar, Bengt Erik"]
[Black "Koehler, Gerhard"]
[Result "0-1"]
[WhiteElo "2074"]
[BlackElo "2182"]
[PlyCount "56"]
[EventDate "2022.10.27"]
[EventType "team-swiss"]
[EventRounds "9"]
[EventCountry "GER"]
[SourceTitle "EXT 2024"]
[Source "ChessBase"]
[SourceDate "2023.10.10"]
[SourceVersion "1"]
[SourceVersionDate "2023.10.10"]
[SourceQuality "1"]
[WhiteTeam "Sweden 65"]
[BlackTeam "Lasker Schachstiftung 65"]
[WhiteTeamCountry "SWE"]
[BlackTeamCountry "GER"]

1. e4 c6 2. d4 d5 3. e5 Bf5 4. c4 e6 5. Nc3 Ne7 6. h3 Nd7 7. Nf3 dxc4 8. Bxc4 Nb6 9. Bb3 Ned5 10. Bg5 Qd7 11. Nh4 h6 12. Nxf5 hxg5 13. Ng3 Nf4 14. 0-0 0-0-0 15. Nce4 Be7 16. Nd6+ Bxd6 17. exd6 Qxd6 18. Ne4 Qe7 19. Re1 f6 20. a4 Qb4 21. a5 Rxd4 22. Qc2 Nbd5 23. a6 e5 24. axb7+ Kxb7 25. Nc5+ Ka8 26. Rec1 Rd2 27. Qf5 Ne2+ 28. Kf1 Ne3+ 0-1

[Event "Altenkirchen Seniors op 19th"]
[Site "Altenkirchen"]
[Date "2022.07.20"]
[Round "2"]
[White "Koehler, Gerhard"]
[Black "Lehmann, Martin"]
[Result "1-0"]
[WhiteElo "2184"]
[BlackElo "1945"]
[PlyCount "157"]
[EventDate "2022.07.19"]
[EventType "swiss"]
[EventRounds "9"]
[EventCountry "GER"]
[SourceTitle "CBM 209 Extra"]
[Source "ChessBase"]
[SourceDate "2022.09.30"]
[SourceVersion "1"]
[SourceVersionDate "2022.09.30"]
[SourceQuality "1"]

1. c4 e5 2. g3 Nf6 3. Bg2 Nc6 4. Nc3 Bb4 5. Nd5 Bc5 6. e3 d6 7. Ne2 Bg4 8. h3 Bh5 9. 0-0 Nxd5 10. cxd5 Ne7 11. f4 f6 12. Kh2 0-0 13. b3 c6 14. dxc6 Nxc6 15. Bb2 d5 16. g4 Bf7 17. d4 Bb6 18. Qd2 e4 19. Nc3 Rc8 20. Na4 Ba5 21. Bc3 Bxc3 22. Nxc3 Qb6 23. Rfc1 h5 24. Bf1 hxg4 25. hxg4 g6 26. Be2 Kg7 27. Kg2 Rh8 28. Nb5 Rh4 29. Rh1 Rch8 30. Rxh4 Rxh4 31. Qe1 g5 32. Qf2 Nd8 33. Rf1 a6 34. Nc3 Qd6 35. Na4 Be8 36. Nc3 Bd7 37. Qg3 Be6 38. f5 Qxg3+ 39. Kxg3 Bf7 40. Na4 Be8 41. Nb6 Bc6 42. b4 Nf7 43. a4 Nh6 44. Rb1 Be8 45. b5 axb5 46. axb5 Bh5 47. gxh5 Nxf5+ 48. Kg2 Nxe3+ 49. Kf2 Nf5 50. Nxd5 Rh2+ 51. Ke1 Rh1+ 52. Bf1 Nxd4 53. Kf2 f5 54. Rb4 Nf3 55. Bg2 Rh2 56. Kf1 Nh4 57. Bxe4 fxe4 58. Rxe4 Rd2 59. Re5 Nf3 60. Rf5 g4 61. Ne3 Rb2 62. Nxg4 Nh2+ 63. Nxh2 Rxh2 64. Rc5 Kh6 65. Rc7 Rxh5 66. Rxb7 Kg6 67. Ke2 Kf6 68. Kd3 Ke6 69. Kc4 Kd6 70. Kb4 Rh1 71. Ka5 Ra1+ 72. Kb6 Rb1 73. Rh7 Rb2 74. Rh5 Ra2 75. Kb7 Ra1 76. b6 Kd7 77. Rh2 Rd1 78. Rc2 Rd6 79. Ra2 1-0

[Event "Berlin-ch Seniors op 38th"]
[Site "Berlin"]
[Date "2022.02.01"]
[Round "8"]
[White "Koehler, Gerhard"]
[Black "Raitza, Olaf"]
[Result "1/2-1/2"]
[WhiteElo "2189"]
[BlackElo "2325"]
[PlyCount "103"]
[EventDate "2022.01.25"]
[EventType "swiss"]
[EventRounds "9"]
[EventCountry "GER"]
[SourceTitle "EXT 2023"]
[Source "ChessBase"]
[SourceDate "2022.10.05"]
[SourceVersion "1"]
[SourceVersionDate "2022.10.05"]
[SourceQuality "1"]

1. c4 e5 2. g3 Nf6 3. Bg2 Nc6 4. Nc3 Bb4 5. Nd5 Bc5 6. e3 0-0 7. Ne2 Re8 8. 0-0 d6 9. d4 exd4 10. exd4 Bg4 11. f3 Nxd4 12. Nxd4 Re4 13. Qb3 Rxd4 14. Be3 Rxd5 15. cxd5 Bxe3+ 16. Qxe3 Nxd5 17. Qd4 Be6 18. f4 c5 19. Qd2 Nb6 20. b3 d5 21. f5 Bd7 22. f6 Be6 23. fxg7 Qd6 24. Qg5 c4 25. Rf4 c3 26. Rh4 Nd7 27. Rc1 Rc8 28. Qe3 Qe5 29. Qxe5 Nxe5 30. Rd4 Rc5 31. h3 c2 32. Rd2 Bf5 33. Rxd5 Nd3 34. Rxf5 Nxc1 35. Rxc5 Ne2+ 36. Kf2 c1Q 37. Rxc1 Nxc1 38. Bxb7 Nxa2 39. Ke3 Kxg7 40. Be4 h6 41. Kd2 Kf6 42. Bb1 Nb4 43. Kc3 Nc6 44. Kc4 Ke5 45. b4 f5 46. Kb5 Nd4+ 47. Ka6 h5 48. Bd3 f4 49. g4 hxg4 50. hxg4 Kf6 51. b5 Kg5 52. Kxa7 1/2-1/2